|
|
|
|
| LEADER |
00000cam a2200000 a 4500 |
| 001 |
vtls008692367 |
| 003 |
SK-MaSNL |
| 005 |
20260301080041.0 |
| 008 |
240315s2006 xo a b p 000 0 slo |
| 015 |
|
|
|a SNBA2006/05-02982
|
| 020 |
|
|
|a 8010008818
|q (brož.)
|
| 035 |
|
|
|a 77072D69-8CEF-4B5B-96EC-25F4789955BA
|
| 035 |
|
|
|a urn:nbn:sk:snk-amkq8e
|
| 035 |
|
|
|a urn:nbn:sk:snk-am005e0r
|
| 040 |
|
|
|a SNK
|b slo
|c SNK
|e AACR2
|
| 041 |
0 |
|
|a slo
|
| 044 |
|
|
|a xo
|c SK
|
| 072 |
|
7 |
|a 51
|x Matematika
|2 konspekt
|
| 080 |
|
|
|a (075.2)
|2 2001
|
| 080 |
|
|
|a (076.1)
|2 2001
|
| 080 |
|
|
|a 51
|2 2001
|
| 100 |
1 |
|
|a Dienerová, Eva
|4 aut
|9 214886
|
| 245 |
1 |
0 |
|a Počítajme hravo 1
|b doplnok k učivu matematiky pre 1. ročník základných škôl
|c Eva Dienerová
|
| 250 |
|
|
|a 3. vyd.
|
| 260 |
|
|
|a Bratislava
|b Slovenské pedagogické nakladateľstvo
|c 2006
|
| 300 |
|
|
|a 79 s.
|b fareb. ilustr.
|c 29 cm
|
| 500 |
|
|
|a Ilustrovala Táňa Žitňanová
|
| 650 |
0 |
7 |
|a matematika
|2 SNKPH
|9 70174
|
| 655 |
|
7 |
|a učebnice základných škôl
|2 SNKPH
|9 70187
|
| 655 |
|
7 |
|a pracovné zošity
|2 SNKPH
|9 70188
|
| 700 |
1 |
|
|a Žitňanová, Tatiana,
|d 1956-
|4 ill
|9 86022
|
| 919 |
|
|
|a 80-10-00881-8
|
| 999 |
|
|
|c 652016
|d 653946
|
| 952 |
|
|
|a SNK
|b SNK
|y PREZ
|7 0
|p 17A0505884
|o snkSB 72159
|i snk2006/8092
|8 0
|0 0
|1 0
|4 0
|d 2006-04-20
|l 0
|r 2025-04-25 00:00:00
|w 2026-02-23
|
| 952 |
|
|
|a SNK
|b SNK
|y VYP
|7 0
|p 17A0505885
|o snkSB 72159 D1
|i snk2006/8093
|8 0
|0 0
|1 0
|4 0
|d 2006-04-20
|f 1
|l 0
|r 2016-06-30 00:00:00
|w 2026-02-23
|